| 000 | 00582nam a22001937a 4500 | ||
|---|---|---|---|
| 003 | 0 | ||
| 005 | 20230830130241.0 | ||
| 008 | 230830b xxu||||| |||| 00| 0 eng d | ||
| 020 | _a978-621-418288-6 | ||
| 050 |
_aG 156.5 _b.L67 2023 |
||
| 100 | _aLopez, Edilyn G. | ||
| 245 |
_aSustainable tourism _cEdilyn Lopez G. |
||
| 260 |
_aQuezon City _bWiseman's Book Trading, Inc. _cc2023. |
||
| 300 |
_aiv, 78 pages ; _c25cm. |
||
| 500 | _aSustainable tourism. | ||
| 504 | _aIncludes bibliographical references and index. | ||
| 650 | _aSustainable toursim. | ||
| 942 |
_2lcc _cBK |
||
| 999 |
_c365224 _d365224 |
||